[Event "Let's Play Chess!"]
[Site "http://www.queenalice.com/game.php?id=918621"]
[Date "2011.3.29"]
[Round "-"]
[White "Mahonri"]
[Black "hollowman45"]
[Result "1-0"]
[WhiteElo "1035"]
[BlackElo "1663"]

1. e4 e6 2. d4 d5 3. e5 c5 4. c3 Nc6 5. Nf3 Qb6 6. a3 cxd4 7. cxd4 Nge7 8. Bd3
Bd7 9. Bc2 Rc8 10. Nc3 Ng6 11. h4 1-0

[Event "AUTO-BEG-474"]
[Site "http://www.queenalice.com/game.php?id=918831"]
[Date "2011.3.29"]
[Round "1"]
[White "jajerduco"]
[Black "Mahonri"]
[Result "0-1"]
[WhiteElo "1392"]
[BlackElo "1205"]

1. d4 Nf6 2. c3 d5 3. Nf3 Nc6 4. g3 e6 5. Bg5 h6 6. Bf4 Bd6 7. Be3 O-O 8. Bg2 b6
9. O-O e5 10. Qa4 Bd7 11. Qb3 e4 12. Nfd2 Ng4 13. Qxd5 Nxe3 14. fxe3 Ne7 15.
Qxe4 Bc6 16. d5 Bxd5 17. Qd3 Bxg2 18. Kxg2 Ng6 19. Ne4 Ne5 20. Nbd2 Nxd3 21.
exd3 Be7 22. d4 Qd5 23. c4 Qa5 24. Nb3 Qa6 25. Rfc1 Qb7 26. d5 c5 27. Nbd2 Rad8
28. b3 Qc7 29. Rf1 Qe5 30. Rab1 f5 31. Nf2 Qxe3 32. Rbe1 Qxd2 33. a4 Rde8 34. h4
Bd6 35. Rd1 Qb4 36. Rb1 Re2 37. Kh3 Re3 38. Rg1 Rf6 39. Nh1 Rxb3 40. Rbe1 Qxc4
41. Re8+ Kf7 42. Rd8 Rb2 43. Rg2 Rxg2 44. Kxg2 Qxd5+ 45. Kh3 Qxh1# 0-1

[Event "AUTO-BEG-474"]
[Site "http://www.queenalice.com/game.php?id=918832"]
[Date "2011.3.29"]
[Round "1"]
[White "Mahonri"]
[Black "jajerduco"]
[Result "1-0"]
[WhiteElo "1158"]
[BlackElo "1409"]

1. d4 d6 2. e4 Nf6 3. Nc3 g6 4. Nf3 Bg7 5. Bc4 O-O 6. O-O Nxe4 7. Be3 Nxc3 8.
bxc3 c6 9. Qd2 d5 10. Bd3 Nd7 11. Bh6 Nf6 12. h3 Be6 13. Rab1 b5 14. Ne5 Ne4 15.
Bxe4 dxe4 16. Qe2 Bf5 17. Bxg7 Kxg7 18. Nxc6 Qd6 19. Nb4 a5 20. Nd3 exd3 21.
cxd3 Qd7 22. Rfe1 e6 23. Qe5+ f6 24. Qe3 Qc8 25. g4 Bxg4 26. hxg4 e5 27. dxe5
Qxg4+ 28. Kf1 f5 29. Rxb5 Kg8 30. Rb7 f4 31. Qe4 Qh3+ 32. Ke2 f3+ 33. Kd2 Qh6+
34. Qe3 Qxe3+ 35. Kxe3 Rae8 36. d4 g5 37. Rh1 Rc8 38. Kd3 g4 39. Rhxh7 g3 40.
Rbg7# 1-0

[Event "AUTO-BEG-474"]
[Site "http://www.queenalice.com/game.php?id=918847"]
[Date "2011.3.29"]
[Round "1"]
[White "RobinhoMed"]
[Black "Mahonri"]
[Result "0-1"]
[WhiteElo "1237"]
[BlackElo "1081"]

1. e4 c5 2. d3 Nc6 3. g3 e5 4. h4 f5 5. Nh3 fxe4 6. dxe4 Nf6 7. f3 d5 8. exd5
Qxd5 9. Qxd5 Nxd5 10. Bd2 Bd6 11. Nc3 Be6 12. Ng5 Bg8 13. O-O-O h6 14. Nge4 Bc7
15. Bc4 O-O-O 16. Bxd5 Bxd5 17. Nxc5 Bxf3 18. Ne6 Rd7 19. Nb5 Bxh1 20. Rxh1 Bb6
21. Rf1 Re8 22. Rf8 Rxf8 23. Nxf8 Rf7 24. Nd6+ Kd8 25. Nxf7+ Ke7 26. Nxe5 Kxf8
27. Ng6+ Kf7 28. Nh8+ Kf6 29. Bc3+ Bd4 30. Bd2 Ne5 31. c3 Bf2 32. Bf4 Nd3+ 33.
Kc2 Nxf4 34. gxf4 Bxh4 35. b4 g5 36. fxg5+ hxg5 37. a4 Kg7 38. a5 g4 39. Kb3 g3
40. c4 g2 41. b5 g1=Q 42. a6 bxa6 43. bxa6 Be1 44. Ka4 Qb6 45. Nf7 Qb4# 0-1

[Event "AUTO-BEG-474"]
[Site "http://www.queenalice.com/game.php?id=918848"]
[Date "2011.3.29"]
[Round "1"]
[White "Mahonri"]
[Black "RobinhoMed"]
[Result "1-0"]
[WhiteElo "957"]
[BlackElo "1256"]

1. e4 e5 2. Nf3 Nc6 3. Bb5 Na5 4. O-O c6 5. Be2 d6 6. b4 f6 7. bxa5 Qxa5 8. d4
Qc7 9. Nc3 g5 10. h3 h6 11. d5 c5 12. a4 a5 13. Nb5 Qb6 14. Rb1 Rb8 15. Qe1 Qa6
16. Nc7+ Kd8 17. Nxa6 Ra8 18. Nxc5 dxc5 19. Ba3 b6 20. Rxb6 Rh7 21. Qc3 Rc7 22.
Rfb1 Bb7 23. Rxb7 Rxb7 24. Rxb7 Ne7 25. Qxc5 Ke8 26. Rxe7+ Bxe7 27. Qxe7# 1-0

[Event "AUTO-BEG-474"]
[Site "http://www.queenalice.com/game.php?id=918859"]
[Date "2011.3.29"]
[Round "1"]
[White "Mahonri"]
[Black "thiagonsmelo"]
[Result "1-0"]
[WhiteElo "1127"]
[BlackElo "1131"]

1. d4 d5 2. c4 e6 3. Nc3 Qf6 4. e3 Nh6 5. cxd5 Ng4 6. Nf3 Bd6 7. dxe6 Bxe6 8. h3
Nh6 9. e4 O-O 10. e5 Bxe5 11. dxe5 Qd8 12. Bxh6 gxh6 13. Be2 Qxd1+ 14. Rxd1 Bb3
15. axb3 Nc6 16. O-O Rad8 17. Nb5 f6 18. exf6 Rxd1 19. Rxd1 Rf7 20. Bc4 a6 21.
Nxc7 a5 22. Ne5 Nd4 23. Rxd4 h5 24. Rd8# 1-0

[Event "AUTO-BEG-474"]
[Site "http://www.queenalice.com/game.php?id=918860"]
[Date "2011.3.29"]
[Round "1"]
[White "thiagonsmelo"]
[Black "Mahonri"]
[Result "0-1"]
[WhiteElo "1144"]
[BlackElo "1035"]

1. e4 c5 2. Nh3 d6 3. Qf3 g6 4. Ng5 Nf6 5. b3 Bg7 6. d3 Bg4 7. Qe3 Nc6 8. Be2
O-O 9. Bxg4 Nxg4 10. Qh3 h5 11. f3 Nh6 12. c4 Bxa1 13. Nd2 Bd4 14. f4 Ng4 15.
Ndf3 Nf2 16. Rf1 Nxh3 17. gxh3 Qa5+ 18. Bd2 Qxa2 19. Nxd4 Nxd4 20. e5 Nxb3 21.
Bc3 Nc1 22. d4 Qe2# 0-1

[Event "Challenge"]
[Site "http://www.queenalice.com/game.php?id=918991"]
[Date "2011.3.29"]
[Round "-"]
[White "estella"]
[Black "Mahonri"]
[Result "0-1"]
[WhiteElo "1448"]
[BlackElo "1340"]

1. e4 e5 2. Nf3 Nc6 3. Nc3 Nf6 4. d3 Be7 5. Be2 O-O 6. Be3 d5 7. exd5 Nxd5 8.
O-O Nxe3 9. fxe3 Bc5 10. Nb5 Bxe3+ 11. Kh1 a6 12. Na3 Bg4 13. h3 Bh5 14. Nc4 Ba7
15. Ncxe5 Nxe5 16. Nxe5 Bxe2 17. Qxe2 Qd4 18. Rxf7 Rxf7 19. Nxf7 Kxf7 20. c3 Qe3
21. Qxe3 Bxe3 22. Re1 Bc5 23. d4 Bd6 24. Rf1+ Kg8 25. g4 Rf8 26. Rxf8+ Kxf8 27.
b4 Bg3 28. Kg2 Be1 29. Kf1 Bxc3 30. a3 Bxd4 31. Ke2 Bb2 32. Kd1 Bxa3 33. Kc2
Bxb4 34. Kb3 c5 35. Kc4 Ke7 36. g5 Kd6 37. h4 b5+ 38. Kb3 Kd5 39. h5 Kd4 40. g6
hxg6 0-1

[Event "Challenge"]
[Site "http://www.queenalice.com/game.php?id=918992"]
[Date "2011.3.29"]
[Round "-"]
[White "Mahonri"]
[Black "estella"]
[Result "1-0"]
[WhiteElo "1244"]
[BlackElo "1502"]

1. e4 e5 2. Nf3 Nc6 3. Bb5 Nf6 4. O-O Nd4 5. Nxd4 Nxe4 6. Re1 Bc5 7. Nb3 O-O 8.
Rxe4 d6 9. Nxc5 dxc5 10. Rxe5 a6 11. Bf1 Qe7 12. Rxe7 Bf5 13. Rxc7 b6 14. d3
Rad8 15. Bf4 Rd4 16. Qf3 Rd7 17. Nc3 g5 18. Rxd7 Bxd7 19. Bxg5 f6 20. Bh6 Re8
21. Qg3+ Kf7 22. Qg7+ Ke6 23. Re1+ Kd6 24. Rxe8 Bxe8 25. Qxf6+ Kd7 26. Bf4 1-0

[Event "Challenge"]
[Site "http://www.queenalice.com/game.php?id=931767"]
[Date "2011.4.29"]
[Round "-"]
[White "soudeDeus"]
[Black "Mahonri"]
[Result "0-1"]
[WhiteElo "1325"]
[BlackElo "1285"]

1. Nf3 Nf6 2. Nc3 d5 3. d3 Nc6 4. e4 dxe4 5. dxe4 Qxd1+ 6. Kxd1 Bg4 7. h3 Bxf3+
8. gxf3 e5 9. Nd5 O-O-O 10. Bg5 h6 11. Bxf6 gxf6 12. b3 Ne7 13. Bc4 c6 14. Kc1
cxd5 15. exd5 Nxd5 16. a4 Rh7 17. Rd1 Nf4 18. Bd3 Nxd3+ 19. cxd3 Rg7 20. Kd2 Rg2
21. Ke2 Bc5 22. Rf1 Rh2 23. Rac1 b6 24. a5 Kb7 25. axb6 axb6 26. Rc4 Bd4 27. b4
Ra8 28. f4 Ra2+ 29. Kf3 Rhxf2+ 30. Rxf2 Rxf2+ 31. Kg3 Rxf4 32. h4 Bf2+ 33. Kg2
Rxc4 34. Kxf2 Rxb4 35. h5 Kc6 36. Ke3 Kd5 37. Kd2 Kd4 38. Kc2 e4 39. dxe4 Rc4+
40. Kb2 Rc3 41. Kb1 Kc4 42. e5 Kb3 43. e6 fxe6 44. Ka1 Rc1# 0-1

[Event "Challenge"]
[Site "http://www.queenalice.com/game.php?id=941617"]
[Date "2011.5.23"]
[Round "-"]
[White "soudeDeus"]
[Black "Mahonri"]
[Result "0-1"]
[WhiteElo "1425"]
[BlackElo "1311"]

1. g3 d5 2. Bg2 Nf6 3. b3 Bf5 4. Bb2 e6 5. d3 Nc6 6. e4 dxe4 7. dxe4 Qxd1+ 8.
Kxd1 Nxe4 9. Ke1 Bc5 10. Nd2 Nxf2 11. Bxg7 Rg8 12. Bc3 Nxh1 13. Bxh1 Bxg1 14.
Bxc6+ bxc6 15. Nf3 Be3 16. Ng5 Rxg5 17. Ke2 Bb6 18. Rd1 Bg4+ 19. Kf1 Bxd1 20.
Kg2 Bxc2 21. Bd2 Be4+ 22. Kh3 Rf5 23. a4 O-O-O 24. Kg4 Rxd2 25. h4 Rh2 26. b4
Bf3# 0-1

[Event "Challenge"]
[Site "http://www.queenalice.com/game.php?id=953457"]
[Date "2011.6.24"]
[Round "-"]
[White "moira"]
[Black "Mahonri"]
[Result "0-1"]
[WhiteElo "1409"]
[BlackElo "1406"]

1. e4 e5 2. Nc3 Nf6 3. Nf3 Nc6 4. d3 Bc5 5. Nd5 h6 6. b4 Bxb4+ 7. Nxb4 Nxb4 8.
a3 Nc6 9. Be3 d5 10. Bc5 b6 11. Be3 d4 12. Bd2 Bg4 13. h3 Bh5 14. g4 Bg6 15. Be2
O-O 16. Bb4 Re8 17. g5 Nh5 18. Bd2 Nf4 19. Qb1 Nxe2 20. Kxe2 h5 21. Qb5 Qd6 22.
Rab1 a6 23. Qc4 Nd8 24. Bb4 c5 25. Bd2 Ne6 26. a4 Reb8 27. c3 dxc3 28. Bxc3 Nd4+
29. Ke3 Kh7 30. Rb2 Nxf3 31. Kxf3 f6 32. gxf6 Qxf6+ 33. Ke2 Bf7 34. Rg1 Bxc4 35.
dxc4 Rf8 36. Kd2 Qxf2+ 37. Kd1 Qxg1+ 38. Be1 Rf1 39. Rxb6 Rxe1+ 40. Kd2 Qe3+ 41.
Kc2 Rc1+ 42. Kb2 Qc3+ 43. Ka2 Ra1# 0-1

[Event "AUTO-BEG-474"]
[Site "http://www.queenalice.com/game.php?id=970494"]
[Date "2011.8.9"]
[Round "2"]
[White "Mahonri"]
[Black "papyrusmoon"]
[Result "1-0"]
[WhiteElo "1383"]
[BlackElo "1547"]

1. e4 e5 2. Nf3 Nf6 3. Nxe5 Nxe4 4. Qe2 d5 5. d3 Nc5 6. Nc6+ Kd7 7. Nxd8 Kxd8 8.
Bg5+ f6 9. Be3 Bf5 10. g3 Nc6 11. Nc3 Ne5 12. Nxd5 c6 13. Nc3 Bg4 14. f3 Nxf3+
15. Kf2 Bd6 16. h3 Bh5 17. g4 Bg6 18. Qxf3 Re8 19. Re1 b5 20. Qxc6 Ne4+ 21. Nxe4
Ke7 22. Qxd6+ Kf7 23. Qd5+ Kf8 24. Bc5+ Re7 25. Qxa8+ Be8 26. Qxa7 Bc6 27. Qxe7+
Kg8 28. Qf8# 1-0

[Event "AUTO-BEG-474"]
[Site "http://www.queenalice.com/game.php?id=970495"]
[Date "2011.8.9"]
[Round "2"]
[White "papyrusmoon"]
[Black "Mahonri"]
[Result "1-0"]
[WhiteElo "1537"]
[BlackElo "1394"]

1. e4 e5 2. Nf3 Nc6 3. Bb5 a6 4. Ba4 Nf6 5. O-O Nxe4 6. Qe2 Nc5 7. Nc3 Nxa4 8.
Nd5 Be7 9. Qe4 Nc5 10. Qg4 O-O 11. Re1 d6 12. Qh5 Be6 13. Nxe7+ Qxe7 14. Ng5 h6
15. b4 Nxb4 16. d4 Nxc2 17. Bb2 Nxe1 18. Rxe1 Nd3 19. Qe2 Nxe1 20. Qe4 Nxg2 21.
Qh7# 1-0